000
00216 a2200097 4500
001
25369
100
_a
Robson, J
245
_a
Modern Maths. in Secondary School
260
_a
_b
pergamon
_c
1969
090
_c
17124
_d
17124
942
_a
NUST-CAE
_c
M
_c
7919
999
_c
260442
_d
260442